000 00773nam a2200253 a 4500
001 000022849
005 20240501133509.0
008 101119s1973 sp 000 0 spa d
020 _a847156100x
040 _aDO-SdBNP
_bspa
_cBNPHU
041 1 7 _aspa
_heng
_2Código de idiomas MARC
082 _a335.43
_bP484r
100 1 _aPetersen, William.
_946960
240 0 _aThe realities of world communism.
_lEspañol
245 1 0 _aRealidades del comunismo mundial /
_cWilliam Petersen.
260 _aMadrid :
_bMediterráneo,
_c1973.
300 _a188 p. ;
_c19 cm.
490 1 _aEdime
534 _aTítulo en inglés :
_tThe realities of world communism
650 4 _aComunismo
_92880
650 0 _aEconomía marxista
_99435
830 0 _aEdime
_912783
049 _aBNGR
999 _c22346
_d22346